000 00306nam a2200121Ia 4500
005 20251222154434.0
008 251222s9999||||xx |||||||||||||| ||spa||
020 _a84-321-2922-4
082 _a918/B75
100 _a"Bosque Sendra, Joaquén"
245 0 _aSistemas de información geográfica
942 _cLIB
999 _c36528
_d36528